Žena v pracovním poměru /

Hlavní autor: Polášek, Jan
Další autoři: Kalenská, Marie, 1921-2014, Koloušek, Jan, 1859-1921
Jazyk: Čeština
Vydáno: Praha : Práce, 1967
Vydání: 1. vyd.
Edice: Pracovněprávní knižnice
Témata:
Externí odkaz: Digitalizovaný dokument
Fyzický popis: 168 s.
Knihy
Uloženo v:
LEADER 01245nam a22003132a 4500
001 000331260
003 CZ BrMZK
005 20160127122954.0
007 ta
008 980107s1967 xr f cze d
015 |a cnb000493131 
035 |a (OCoLC)37456086 
040 |a BOA001  |b cze 
100 1 |a Polášek, Jan  |7 jx20051124034 
245 1 0 |a Žena v pracovním poměru /  |c Jan Polášek, Marie Kalenská, Jan Koloušek 
250 |a 1. vyd. 
260 |a Praha :  |b Práce,  |c 1967 
300 |a 168 s. 
490 1 |a Pracovněprávní knižnice ;  |v sv. 17 
500 |a Dostupné též v digitální podobě v aplikaci Kramerius 
700 1 |a Kalenská, Marie,  |d 1921-2014  |7 jk01052642 
700 1 |a Koloušek, Jan,  |d 1859-1921  |7 jk01061396 
830 0 |a Pracovněprávní knižnice 
856 4 1 |u http://www.digitalniknihovna.cz/mzk/uuid/uuid:6d7b03f0-ca49-11e5-a19b-005056827e52  |y Digitalizovaný dokument  |x NDK 
910 |a BOA001  |b PK-0048.481  |b 2-0590.696 
964 |a Ženy - poměr pracovní - příručky 
990 |a BK 
996 6 |b 2619991967  |c 2-0590.696  |l Sklad H1  |r Sklad / do 24 hodin  |n 4  |h HS212  |w 000331260  |u 000020  |a 1  |e BOA001  |j MZK50  |s P 
996 7 |b 3119802742  |c PK-0048.481  |l MZK  |r Sklad / do 1 hodiny  |n 3  |w 000331260  |u 000010  |a 1  |e BOA001  |j MZK50  |s A